Guess the lyrics (#26) - Statistics

General Stats
  • This quiz has been taken 296 times
  • The average score is 124 of 259
Answer Stats
Answer % Correct
I
99%
a
97%
A
97%
the
93%
The
93%
you
92%
an
90%
and
87%
to
85%
me
84%
we
82%
when
80%
on
79%
in
78%
is
78%
love
78%
Love
78%
where
77%
it
76%
can
75%
your
73%
Your
73%
my
72%
of
70%
so
68%
hear
67%
that
67%
If
65%
for
64%
what?
64%
we're
60%
get
57%
I'm
56%
it's
56%
can't
55%
as
54%
at
54%
see
51%
baby
49%
got
47%
up,
44%
up
44%
down
43%
together
42%
little
40%
old
40%
shack,
40%
shack
40%
place
39%
road
37%
yeah
37%
Yeah
37%
Just
36%
just
36%
about
32%
That's
30%
way
30%
Well
30%
big
28%
car,
28%
side
28%
says
27%
back
26%
'cause
26%
nothing
26%
away
25%
sign
25%
Sign
25%
headin'
24%
whale
24%
highway
23%
miles
23%
set
23%
juke
22%
money
22%
box
21%
bring
21%
Fifteen
21%
gotta
20%
lookin'
20%
sail
20%
twenty
20%
Chrysler,
19%
getaway
18%
middle
18%
seats
18%
stay
18%
Atlanta
16%
door
16%
hurry
16%
faded
15%
front
15%
funky
15%
Funky
15%
around
14%
field
14%
Glitter
14%
lovin'
14%
Bang
13%
bang
13%
hot
13%
mattress
13%
porch
13%
roof
13%
Tin
13%
everybody's
12%
Everybody's
12%
Glitter
12%
louder
12%
Wearin'
12%
dancin'
11%
fools
11%
movin'
11%
next
11%
rules
11%
rusted!
11%
groovin'
10%
Hop
10%
Knock
10%
whole
10%
woo,
10%
kissin'
9%
oven
9%
sugar
9%
Huggin'
8%
outside
8%
linin'
7%
shimmies
7%
Folks
6%
hallway
3%
No matching quizzes found
Score Distribution
Percent of People with Each Score
Percentile by Number Answered
Your Score History
You have not taken this quiz